000 00795nam0a22002891 4500
001 RU\NLR\A1SV\89536
005 20251203171251.9
035 _a(NLR Aleph) 009770905
090 _a10055430
_c10055430
100 _a20040615d1926 u y0rusy50 ca
101 1 _arus
102 _aRU
200 1 _aДве великие теоремы: постулат Евклида, теорема Фермата
210 _aГрозный
_d1926 [1927]
215 _a92, [13] с., [5] л. черт.
_d22 см
620 _dГрозный
700 1 _aЗиберг
_bФ. Д.
801 0 _aRU
_bNLR
_c20040615
852 _aNLR
_j24/635
852 _aNLR
_j24/635а
899 _aЗНБ СГУ
899 _aБАН
899 _aНБ ТГУ
942 _cBOOK
980 _aNB
980 _aA1SV